000 01785cam a22005054i 4500
003 PE-LiUPU
005 20250731172939.0
008 150623s r 000 0 d
020 _a0310462002
035 _a(Sirsi) i9780310462002
040 _aPE-LiUPU
_bspa
_cPE-LiUPU
_erda
049 _aPRUA
082 0 4 _a234.13
_bD42S
_221
100 1 _aDeere, Jack,
_eautor.
245 1 0 _aSurprised by the voice of God: How God speaks today through prophecies, dreams, and visions /
_cJack Deere.
264 1 _aMichigan :
_bZondervan Publishing House,
_c1996.
300 _a384 páginas ;
_c24 centímetros
336 _atext
_2rdacontent
337 _aunmediated
_2rdamedia
338 _avolume
_2rdacarrier
504 _aIncluye bibliografía.
505 0 _aThe voice of God in the Bible and history.- The language of the holy spirit.- Learning the languaje of the holy spirit.- Why doesn't God speak to me like that.- Who hears his voice.- The word and the spirit.
526 _aSEG42
526 _aSEG41
526 _aSEG40
526 _aSEG39
526 _aP94
526 _aP87
526 _aP86
526 _aP85
526 _aP77
526 _aP76
526 _aP35
600 1 _aDeere, Jack
650 0 4 _aDones espirituales.
_91203
650 0 4 _aProfecías.
_93133
650 0 4 _aSueños
_xCristianismo.
650 0 4 _aVisiones.
942 _2ddc
_cBOOK
949 _a234.13 D42S
_wDEWEY
_c1
_i44505
_lCCODEBUL1
_mBUL
_r0
_sY
_tBOOK
_u2015-6-24
_xTEOLOGIA
_PP35
_0COMPRA
_o.STAFF. Colección General
994 _aC0
_bPEPRU
596 _a1
999 _a234.13 D42S
_wDEWEY
_c21386
_i44505
_f2021-11-10
_g5
_lCCODEBUL1
_mBUL
_r0
_sY
_tBOOK
_u2015-6-24
_xTEOLOGIA
_PP35
_0COMPRA
_o.STAFF. Colección General
_d21386
980 _81
_gALBERTO SANCHEZ Responsable de Automatización